000 02322nmmaa22003257i 4500
001 768714001
003 CO-MdFUSB
005 20260218200558.0
007 cr aa aaaaa
008 260218s2025 ck ||||| |||| 00| 0 spa dd
040 _aCO-MdFUSB
_bEspañol
_cCO-MdFUSB
_dCO-MdFUSB
041 _aspa
043 _ack
100 _aLondoño Peñate, Franklin Alberto,
_eautor
245 _aTheosis en Gregorio Nacianceno :
_bvocación divina del ser humano por medio de la encarnación de Cristo
_c/ Franklin Alberto Londoño Peñate ; asesorado por Jonatán C. Simons
264 1 _aMedellín, Colombia :
_bFUSBC,
_c2025
300 _a58 páginas
336 _2rdacontent
_atexto
_btxt
337 _2rdamedia
_ainformático
_bc
338 _2rdacarrier
_aremoto
_bcr
502 _aTrabajo de grado
_b(Teología) --
_cFundación Universitaria Seminario Bíblico de Colombia,
_d2025
504 _aBibliografía (página 57)
505 _aIntroducción. -- Contexto sobre Gregorio Nacianceno. -- Un puente entre lo antiguo y lo contemporáneo: la Theosis en el pensamiento de John A. Mcguckin, Vladimir Lossky Y Karl C. Felmy. -- El concepto de Theosis en Los cinco discursos teológicos de Gregorio Nacianceno. -- la Theosis en la Homilía 38 de Gregorio Nacianceno. -- Conclusión: la Theosis como coherencia teológica.
506 _aAcceso en línea
520 _aEsta monografía expone la Theosis en Gregorio Nacianceno como hilo conductor que articula su cristología y antropología. El estudio se apoya en un marco conceptual tridimensional de McGuckin, Lossky y Felmy, definiendo la Theosis como la participación humana en la vida divina. El análisis de Los cinco discursos teológicos señala la divinización como una reciprocidad ontológica: Dios se hizo hombre para que el ser humano se hiciera Dios. La Homilía 38 confirma que la Theosis es el propósito de la encarnación, mostrando la coherencia del sistema teológico de Nacianceno. La obra concluye que la vocación divina del ser humano a la unión con Dios es posible gracias a la acción del Logos encarnado.
653 _aTheosis -- Deificación. -- Encarnació. -- Hombre. -- Gregorio Nacianceno. -- Discursos. -- Homilías
700 _aSimons Camacho, Jonatán,
_easesor
_98040
942 _cTG
999 _c71590
_d71590